Statistics for Olivier Award Winners for Best Actress

Click here to take the quiz!

General Stats

  • This quiz has been taken 4 times
  • The average score is 33 of 61

Answer Stats

YearPlayActress% Correct
1993The Rise and Fall of Little VoiceAlison Steadman
75%
2017YermaBillie Piper
75%
1999The Unexpected ManEileen Atkins
75%
2004HonourEileen Atkins
75%
1994MachinalFiona Shaw
75%
1989/90ElectraFiona Shaw
75%
1989/90As You Like ItFiona Shaw
75%
1989/90The Good Person of SzechwanFiona Shaw
75%
1988A Question of GeographyHarriet Walter
75%
1988Twelfth NightHarriet Walter
75%
1988Three SistersHarriet Walter
75%
2013The AudienceHelen Mirren
75%
1978FilumenaJoan Plowright
75%
1987Antony and CleopatraJudi Dench
75%
1983Pack of LiesJudi Dench
75%
1980Juno and the PaycockJudi Dench
75%
1977MacbethJudi Dench
75%
1996Absolute HellJudi Dench
75%
1992Death and the MaidenJuliet Stevenson
75%
2014GhostsLesley Manville
75%
1986Les Liaisons DangereusesLindsay Duncan
75%
2002Private LivesLindsay Duncan
75%
1988Shirley ValentinePauline Collins
75%
2012Anna ChristieRuth Wilson
75%
2024The Picture of Dorian GraySarah Snook
75%
1998ElectraZoë Wanamaker
75%
1979Once in a LifetimeZoë Wanamaker
75%
2005HecubaClare Higgins
50%
1995Sweet Bird of YouthClare Higgins
50%
2003Vincent in BrixtonClare Higgins
50%
2016People, Places and ThingsDenise Gough
50%
2006Hedda GablerEve Best
50%
1980Duet for OneFrances de la Tour
50%
1983A Moon for the MisbegottenFrances de la Tour
50%
1997A Doll's HouseJanet McTeer
50%
2001All My SonsJulie Walters
50%
1991The VisitKathryn Hunter
50%
2008The SeagullKristin Scott Thomas
50%
2009The Chalk GardenMargaret Tyzack
50%
1981Who's Afraid of Virginia Woolf?Margaret Tyzack
50%
2015Taken at MidnightPenelope Wilton
50%
2010A Streetcar Named DesireRachel Weisz
50%
198284, Charing Cross RoadRosemary Leach
50%
2007Much Ado About NothingTamsin Greig
50%
1984The Aspern PapersVanessa Redgrave
50%
1977Dusa, Fish, Stats and ViAlison Fiske
25%
1978The Double DealerDorothy Tutin
25%
1976A Month in the CountryDorothy Tutin
25%
1981Children of a Lesser GodElizabeth Quinn
25%
1979PiafJane Lapotaire
25%
2000Comic PotentialJanie Dee
25%
2023Prima FacieJodie Comer
25%
2018The FerrymanLaura Donnelly
25%
2011After the DanceNancy Carroll
25%
2019Summer and SmokePatsy Ferran
25%
1976Old WorldPeggy Ashcroft
25%
2020Death of a SalesmanSharon D. Clarke
25%
1985The Road to MeccaYvonne Bryceland
25%
1982A Doll's HouseCheryl Campbell
0%
2022ConstellationsSheila Atim
0%
1984Poppie NongenaThuli Damukude
0%

Score Distribution

Percentile by Number Answered

Percent of People with Each Score

Your Score History

You have not taken this quiz